Sanciones administrativas y derechos fundamentales: regulación y nuevo intervencionismo. Conferencias Santo Tomás de Aquino

שמור ב:
מידע ביבליוגרפי
מחבר תאגידי: Universidad Santo Tomás (Author)
פורמט: ספר
שפה:ספרדית
יצא לאור: Santiago Universidad Santo Tomás 2005
נושאים:
תגים: הוספת תג
אין תגיות, היה/י הראשונ/ה לתייג את הרשומה!

MARC

LEADER 00000cam a2200000 a 4500
001 UCG8872
003 CL-VaPUC
005 20250317105523.0
008 120106e20050000cl 1 spa d
999 |c 384653  |d 384651 
020 |a 9567946000 
040 |c Pontificia Universidad Católica de Valparaíso 
082 0 4 |a 342.83  |b UNI  |2 21 
110 2 |a Universidad Santo Tomás  |e author  |9 621833 
245 1 0 |a Sanciones administrativas y derechos fundamentales: regulación y nuevo intervencionismo. Conferencias Santo Tomás de Aquino 
260 |a Santiago  |b Universidad Santo Tomás  |c 2005 
300 |a 171 p 
505 |a Estado del bienestar e intervencionismo / María Esther Gómez de Pedro La potestad sancionadora de la admnistración. ¿Se adecua a la Constitución? / Eduardo Soto Kloss El estatuto constitucional de las penas. Su aplicación a las sanciones administrativas conforme a los antecedentes de la Comisión de Estudio de la Nueva Constitución / Pedro Aguerrea Mella Bienes jurídicos protegidos y potestad sancionadora de la admnistración / Enríque Alcalde Rodríguez Límites procesales a las postestades sacionadoras de la administración en la jurisprudencia del Tribunal Constitucional / Pedro Aguerrea Mella La impugnación de sanciones administrativas y el derecho fundamental de acceso a la justicia: el "solve et repete" y el Estado de derecho / Eduardo Soto Kloss Sanciones administrativas y prescripción / Iván Aróstica Maldonado Acerca del pricipio general de intransmisibilidad de las multas en particular cuanfo ellas no se encuentran ejecutoriadas / Ramiro Mendoza Zúñiga Control judicial de sanciones admnistrativas en materia económicca. Notas para un análisi crítico del caso británico / Jaime Arancibia Mattar 
518 |p Sanciones administrativas y derechos fundamentales: regulación y nuevo intervencionismo, 1, Santiago de Chile, 18 de noviembre de 2005 
536 |a Universidad Santo Tomás 
546 |a En Español 
583 |a last modification  |c 20190908 08:04:37  |k Rodrigo Vera 
650 0 0 |a Derecho constitucional   |9 222588 
650 0 0 |a Administración interior del Estado  |9 383654 
942 |c BK  |2 ddc 
945 |a dcastane  |d 20120106 00:00:00 
952 |0 0  |1 0  |4 0  |6 342_830000000000000_UNI_2005  |7 0  |8 A  |9 507507  |a BIBDER  |b BIBDER  |d 2020-01-23  |i 4816986  |l 1  |m 2  |o 342.83 UNI 2005  |p 4816986  |r 2025-01-03  |s 2024-07-26  |w 2020-01-23  |y BK  |k DER 
952 |0 0  |1 0  |4 0  |6 342_830000000000000_UNI_2005  |7 0  |8 A  |9 507509  |a BIBDER  |b BIBDER  |d 2020-01-23  |i 4833805  |o 342.83 UNI 2005  |p 4833805  |r 2023-01-25  |w 2020-01-23  |y BK  |k DER